| 000 | 00932cab a2200253 4500 | ||
|---|---|---|---|
| 001 | ABS52179 | ||
| 008 | 090401t1995 xxu||||| |||| 00| 0 eng d | ||
| 035 | _a(Sirsi) u64743 | ||
| 041 | _aeng | ||
| 100 | _aFoxwell, R. | ||
| 245 | _aEffective management for the property professional | ||
| 260 | _c1995 | ||
| 350 | _a0 | ||
| 490 |
_aCSM (Chartered Surveyor Monthly) _v4(3) January 1995, 36-37(2) |
||
| 520 | _aDiscusses the Residential Estate Agency Training and Eduucation Association`s (REATEA) "Standards of competence" and argues that managers in residential agency will benefit from gaining a newly available qualification (NCVQ). | ||
| 650 | _aESTATE AGENCY | ||
| 650 | _aMANAGEMENT EDUCATION | ||
| 650 | _aRESIDENTIAL AGENCY | ||
| 650 | _aSTANDARDS OF COMPETENCE | ||
| 650 | _aVOCATIONAL QUALIFICATIONS | ||
| 690 | _aMANAGEMENT-BUSINESS MANAGEMENT-PROFESSIONAL PRACTICE | ||
| 942 | _n0 | ||
| 948 | _c04/03/1997 | ||
| 999 |
_c40338 _d40338 |
||